书目信息 |
| 题名: |
我能给你最好的建议就是永不放弃
|
|
| 作者: | 沐木 著 | |
| 分册: | ||
| 出版信息: | 沈阳 沈阳出版社 2017 |
|
| 页数: | 245页 | |
| 开本: | 21cm | |
| 丛书名: | ||
| 单 册: | ||
| 中图分类: | B848.4-49 | |
| 科图分类: | ||
| 主题词: | 成功心理--通俗读物 | |
| 电子资源: | ||
| ISBN: | 978-7-5441-8384-0 | |
| 000 | 01142nam0 2200253 450 | |
| 001 | 5751 | |
| 005 | 20180529221226.90 | |
| 010 | @a978-7-5441-8384-0@dCNY38.00 | |
| 100 | @a20170905d2017 em y0chiy50 ea | |
| 101 | 0 | @achi |
| 102 | @aCN@b210000 | |
| 105 | @ay z 000yy | |
| 200 | 1 | @a我能给你最好的建议就是永不放弃@9wo neng gei ni zui hao de jian yi jiu shi yong bu fang qi@f沐木著 |
| 210 | @a沈阳@c沈阳出版社@d2017 | |
| 215 | @a245页@d21cm | |
| 312 | @a封面英文题名:The only thing I can give you advice, that is, never give up! | |
| 314 | @a沐木,身心灵分析师、宝石收藏者。第1本书《努力到无能为力,拼搏到感动自己》上市3个月畅销50万册,成为名副其实的本土励志天王,让百万人终生受益。 | |
| 330 | @a本书收录《“我给你最好的建议,就是永不放弃!”》、《只要还有生的希望,就应该让梦想和你生死与共》、《别让你的梦想只停留在嘴边》、《受苦的人,没有悲观的权利》、《五年时间,他把石头磨成了石浆》等文章。 | |
| 510 | 1 | @aOnly thing I can give you advice, that is, never give up!@zeng |
| 606 | 0 | @a成功心理@j通俗读物 |
| 690 | @aB848.4-49@v5 | |
| 701 | 0 | @a沐木@9mu mu@4著 |
| 801 | 0 | @aCN@b91MARC@c20170905 |
| 905 | @aMuseLib@dB848.4@e2058 | |
| 我能给你最好的建议就是永不放弃/沐木著.-沈阳:沈阳出版社,2017 |
| 245页;21cm |
| ISBN 978-7-5441-8384-0:CNY38.00 |
| 本书收录《“我给你最好的建议,就是永不放弃!”》、《只要还有生的希望,就应该让梦想和你生死与共》、《别让你的梦想只停留在嘴边》、《受苦的人,没有悲观的权利》、《五年时间,他把石头磨成了石浆》等文章。 |
| ● |
| 相关链接 |
|
|
|
|
正题名:我能给你最好的建议就是永不放弃
索取号:B848.4/2058
 
预约/预借
| 序号 | 登录号 | 条形码 | 馆藏地/架位号 | 状态 | 备注 |
| 1 | 1060454 | 210604540 | 第一样本阅览室/ [索取号:B848.4/2058] | 在馆 | |
| 2 | 1060455 | 210604559 | 第一借阅区/ [索取号:B848.4/2058] | 在馆 | |
| 3 | 1060456 | 210604568 | 第一借阅区/ [索取号:B848.4/2058] | 在馆 | |
| 4 | 1060457 | 210604577 | 第一借阅区/ [索取号:B848.4/2058] | 在馆 | |
| 5 | 1060458 | 210604586 | 第一借阅区/ [索取号:B848.4/2058] | 在馆 | |
| 6 | 1060459 | 210604595 | 社科部资料室/ [索取号:B848.4/2058] | 在馆 | |
| 7 | 1114744 | 211147445 | 第一借阅区/ [索取号:B848.4/2058] | 在馆 | |
| 8 | 1114745 | 211147454 | 教育系资料室/ [索取号:B848.4/2058] | 在馆 | |
| 9 | 1114746 | 211147463 | 教育系资料室/ [索取号:B848.4/2058] | 在馆 | |
| 10 | 1114747 | 211147472 | 教育系资料室/ [索取号:B848.4/2058] | 在馆 | |
| 11 | 1114748 | 211147481 | 第一借阅区/ [索取号:B848.4/2058] | 在馆 | |
| 12 | 1114749 | 211147490 | 第一借阅区/ [索取号:B848.4/2058] | 在馆 |